English for Exams Reading for Ielts

Uloženo v:
Podrobná bibliografie
Hlavní autor: Els Van Geyte
Médium: Kniha
Jazyk:English
Vydáno: Nhân Trí Việt 2011
Témata:
Tagy: Přidat tag
Žádné tagy, Buďte první, kdo otaguje tento záznam!
Thư viện lưu trữ: Mạng thư viện Đại học Đà Nẵng
LEADER 01038nam a22003251a 4500
001 000035100
003 11363
005 20151102000000.0
008 151102s2011 000 eng
041 |a eng 
082 |a 420.8  |b EL-G 
100 |a Els Van Geyte 
245 |a English for Exams Reading for Ielts  |c Els Van Geyte 
260 |a Nhân Trí Việt  |c 2011 
300 |a 143tr 
650 |a Exams, Reading, Ielts,Els Van Geyte,2011 
852 |b Chuyên đề  |c Tiếng Anh tham khảo 1 
OWN |a LNN 
AVA |a UDN50  |b LNN  |d 420.8 EL-G  |e available  |t Error 5001 Not defined in file expand_doc_bib_avail.  |f 2  |g 0  |h N  |i 0  |k 1 
999 |a From the UDN01 
AVA |a UDN50  |b LNN  |d 420.8 EL-G  |e available  |t Error 5001 Not defined in file expand_doc_bib_avail.  |f 2  |g 0  |h N  |i 0  |k 1 
TYP |a Monograph 
TYP |a Printed language 
980 |a Mạng thư viện Đại học Đà Nẵng